[Event "GER-ch U18 sf Berlin Online"]
[Site "Playchess.com INT"]
[Date "2020.05.01"]
[Round "7"]
[White "Kullmann, Max"]
[Black "Kamps, Manuel"]
[Result "0-1"]
[WhiteElo "1469"]
[BlackElo "1620"]
[PlyCount "22"]
[EventDate "2020.05.01"]
[EventType "swiss (blitz)"]
[EventRounds "13"]
[EventCountry "GER"]
[SourceTitle "CBM 195 Extra"]
[Source "ChessBase"]
[SourceDate "2020.05.31"]
[SourceVersion "1"]
[SourceVersionDate "2020.05.31"]
[SourceQuality "1"]

1. d4 d5 2. c4 Be6 3. Bf4 Nc6 4. e3 Qd7 5. Nc3 0-0-0 6. cxd5 Bxd5 7. Nxd5 Qxd5 8. Nf3 e5 9. dxe5 Bb4+ 10. Ke2 Qc4+ 11. Qd3 Qxd3# 0-1

[Event "GER-ch U18 sf Berlin Online"]
[Site "Playchess.com INT"]
[Date "2020.05.01"]
[Round "5"]
[White "Roos Nazario, Valentin1111"]
[Black "Kamps, Manuel"]
[Result "0-1"]
[WhiteElo "1478"]
[BlackElo "1620"]
[PlyCount "40"]
[EventDate "2020.05.01"]
[EventType "swiss (blitz)"]
[EventRounds "13"]
[EventCountry "GER"]
[SourceTitle "CBM 195 Extra"]
[Source "ChessBase"]
[SourceDate "2020.05.31"]
[SourceVersion "1"]
[SourceVersionDate "2020.05.31"]
[SourceQuality "1"]

1. e4 e5 2. Nf3 f5 3. exf5 Nc6 4. Bb5 a6 5. Bc4 d5 6. Bd3 e4 7. Qe2 Bxf5 8. c3 Qe7 9. 0-0 exd3 10. Qd1 0-0-0 11. Re1 Qd6 12. Qb3 Nf6 13. Na3 Be4 14. Nd4 Ng4 15. g3 Qf6 16. f3 Bxf3 17. Nxf3 Qxf3 18. Rf1 Qe2 19. Rf7 Bc5+ 20. Kh1 Qxh2# 0-1